000 00607nam a2200253Ia 4500
005 20260121161137.0
008 008 260114s9999 xx 000 0 eng d
020 _a9781315630182
037 _aEBOOK
040 _aCRL
040 _beng
040 _cCRL
041 _2eng
041 _aeng
084 _qCRL
100 _a Jacob M. Landau
_91040754
245 0 _aStudies in the Arab Theater and Cinema
260 _bTaylor and Francis
260 _c1958
856 _uhttp://www.taylorfrancis.com/books/9781315630182
942 _cEBOOK
999 _c1607570
_d1607570